| 000 | 00684nam a2200217 a 4500 | ||
|---|---|---|---|
| 001 | 000031758 | ||
| 003 | DO-SdBNP | ||
| 005 | 20220525105154.0 | ||
| 007 | ta | ||
| 008 | 110701s200u dr r 000 0 spa d | ||
| 040 |
_aDO-SdBNP _bspa _cBNPHU |
||
| 082 | 4 |
_bH557p _222 |
|
| 100 | 1 |
_aHernández Flores, Ismael _923299 |
|
| 245 | 1 | 3 |
_aEl proyecto de constitución de Duarte / _cIsmael Hernández Flores. |
| 260 |
_aSanto Domingo : _b[Fundación para la educació y el arte], _c[s.f.]. |
||
| 300 |
_a32 p. ; _c22 cm. |
||
| 490 | 1 |
_aCuadernos educativos y culturales _v1 |
|
| 590 | _aInventariado, 2022/BT | ||
| 830 | 0 |
_aCuadernos educativos y culturales _n1 _957994 |
|
| 942 |
_2ddc _cLBS1 |
||
| 999 |
_c31250 _d31250 |
||